| 000 | 00569nam a2200229Ia 4500 | ||
|---|---|---|---|
| 008 | 170203s9999 xx 000 0 und d | ||
| 020 | _a9628824015 | ||
| 050 | _a0 30 | ||
| 050 | _bT583m 2005 | ||
| 245 | _aMammals / | ||
| 245 | _cTime-Life Books. | ||
| 260 | _aAlexandria, Va : | ||
| 260 | _bTime-Life Books, | ||
| 260 | _c2005 | ||
| 300 | _a127 pages : | ||
| 300 | _bcolor illustrations, color maps ; | ||
| 300 | _c29 cm. | ||
| 440 | _aTime-Life student library. | ||
| 650 | _aMammals -- | ||
| 650 | _aMammals. | ||
| 650 | _xJuvenile literature. | ||
| 999 |
_c305811 _d305811 |
||